[Event "RUS-ch Rapid Men 2018"]
[Site "Sochi"]
[Date "2018.10.06"]
[Round "7"]
[White "Sarana, Alexey"]
[Black "Savitskiy, Sergey"]
[Result "1-0"]
[WhiteElo "2641"]
[BlackElo "2413"]
[Annotator "TA"]
[PlyCount "87"]
[EventDate "2018.10.05"]
[EventType "swiss"]
[EventCountry "RUS"]
[SourceTitle "playchess.com"]
[Source "ChessBase"]
[SourceQuality "1"]

{[%evp 24,87,0,-5,6,15,8,-27,-10,-27,-12,-11,-7,-34,0,-38,-39,-37,-17,-21,22,22,27,33,15,25,17,8,11,15,28,0,33,40,53,53,59,43,170,143,206,198,215,200,213,193,183,144,192,236,519,357,519,508,512,504,480,454,500,491,466,457,803,176,856,850]} 1. d4 Nf6 2. c4 g6 3. Nc3 Bg7 4. Nf3 O-O 5. g3 d6 6. Bg2 Nc6 7. O-O a6 8. Qd3 e5 9. dxe5 {E63: Königsindisch (6...Sc6)} dxe5 10. Qxd8 Rxd8 11. Bg5 Re8 12. Nd2 Nd4 13. Rfd1 {LiveBook: 5 Partien} Ne6 14. Bxf6 Bxf6 {[#]} 15. Nd5 $146 ({Vorgänger:} 15. Rac1 Kg7 16. c5 Nxc5 {½-½ (31) Erdos,V (2628)-Amin,B (2680) Tbilisi 2017}) 15... Bd8 16. Rac1 c6 17. Nc3 f5 18. b4 a5 19. a3 axb4 20. axb4 Ra3 21. c5 Nd4 {[#] Droht stark ...Txc3!} 22. Bf1 {Droht e3.} Ra8 23. e3 Ne6 24. Nc4 Bc7 25. Ra1 Rxa1 26. Rxa1 Kf8 27. Na4 Ke7 28. Nab6 $36 {[%mdl 2048] Weiss steht aktiver.} Bd7 29. Ra7 Nd8 30. Na5 Bxb6 (30... Bb8 $14 31. Ra8 Bc7) 31. cxb6 $18 Bc8 (31... g5 $16 {war angesagt.} 32. Bc4 (32. Nxb7 Nxb7 33. Rxb7 Kd6 $14) 32... c5) 32. Ba6 Kd6 33. Bxb7 ({Bloß nicht} 33. Nxb7+ $6 Nxb7 34. Bxb7 Bd7 $16) 33... Nxb7 34. Nxb7+ Bxb7 35. Rxb7 {[%mdl 4096] Endspiel KT-KT} Ra8 36. Rxh7 Ra1+ (36... Ra6 $142 37. Rb7 Ra4) 37. Kg2 {[#] Und weiter mit b7 wäre nett.} Rb1 (37... Ra6 {ist wohl besser.} 38. Rb7 Ra4) 38. Rh4 e4 39. Rh6 Rxb4 40. Rxg6+ Kd5 41. Rf6 Rxb6 42. Rxf5+ Kc4 (42... Kd6 $142 43. Rf4 Kd5) 43. Re5 $2 (43. g4 c5 44. g5) 43... Kd3 $2 (43... c5 44. f4 (44. Rxe4+ Kb3 $16) 44... Kd3) 44. Rc5 {Precision: Weiß = 57%, Schwarz = 28%.} 1-0

[Event "RUS-ch Rapid Men 2018"]
[Site "Sochi"]
[Date "2018.10.06"]
[Round "7"]
[White "Alekseenko, Kirill"]
[Black "Belyakov, Bogdan"]
[Result "0-1"]
[WhiteElo "2639"]
[BlackElo "2458"]
[Annotator "TA"]
[PlyCount "100"]
[EventDate "2018.10.05"]
[EventType "swiss"]
[EventCountry "RUS"]
[SourceTitle "playchess.com"]
[Source "ChessBase"]
[SourceQuality "1"]

{[%evp 9,100,20,33,13,17,1,21,21,17,25,23,11,13,11,11,12,17,10,17,14,18,7,6,6,6,8,2,0,0,-12,0,0,-1,0,0,0,0,-7,0,0,0,0,0,-16,-17,-50,-38,-28,-34,-221,-231,-202,-50,-48,-60,-464,-466,-716,-723,-741,-568,-736,-722,-827,-393,-392,-391,-377,-374,-392,-379,-434,-364,-704,-669,-725,-806,-796,-776,-756,-739,-691,-666,-1104,-1104,-1080,-1083,-1049,-1048,-1008,-998,-660,-653]} 1. e4 e5 2. Nf3 Nc6 3. Bb5 Nf6 4. d3 Bc5 5. Bxc6 dxc6 6. Qe2 {C65: Ruy Lopez: Berlin Defence (3...Nf6), unusual lines and 4 0-0 Bc5} (6. O-O {feels hotter.} Nd7 7. Nbd2 O-O 8. Nc4 f6 9. c3) (6. Nbd2 Be6 7. O-O Bd6 8. b3 O-O 9. Nc4 Bxc4 10. bxc4 Nd7 11. g3 b5 12. cxb5 cxb5 13. a4 a6 {½-½ (38) Giri,A (2782)-Aronian,L (2767) chess.com INT 2018}) 6... Nd7 7. Be3 (7. Nbd2 {is interesting.} O-O 8. Nc4 Qe7 9. a4 f6 10. a5) 7... Bxe3 8. Qxe3 {The position is equal.} c5 9. Nc3 b6 $146 ({Predecessor:} 9... O-O 10. O-O-O a5 11. g4 Re8 12. g5 Nf8 13. Rdg1 Qd6 {1-0 (33) Liang,A (2483)-Lillevold,F (2135) Fagernes 2017}) 10. O-O O-O 11. Rae1 Re8 12. Nd2 Nf8 13. f4 exf4 14. Qxf4 Be6 15. Kh1 Ng6 16. Qg3 Qd6 17. Qxd6 cxd6 18. Nb5 Red8 19. Nc4 d5 20. exd5 Bxd5 21. Nc7 Rac8 {aiming for ...Bxc4.} 22. Nxd5 Rxd5 23. a4 f6 24. Re6 Kf7 25. Rfe1 {Strongly threatening Nd6+.} Rcd8 26. Rc6 R5d7 27. a5 b5 28. Na3 $1 {[%cal Ra3b5] [#]} c4 $1 {[%mdl 512] Hoping for ...Ne5.} 29. dxc4 $2 ({White should play} 29. d4 $15) 29... Ne5 $19 30. Rc5 {[#]} Rd1 $2 (30... b4 $1 $19 {[%cal Rb4a3]} 31. Nb5 {[#]} b3 $1 {[%mdl 512]} 32. Rcxe5 fxe5 33. cxb3 Rd1) 31. Rg1 $15 Ng4 $40 {[%cal Rg4f2][%mdl 128] Black is up to no good.} 32. g3 $2 {[%mdl 8192]} (32. Rf5 $1 $15) 32... R1d2 $19 {[%csl Gg4][%cal Rd2h2]} 33. Rh5 (33. Rg2 $142 Nf2+ 34. Rxf2 Rxf2 35. Kg1) 33... b4 34. Nb5 Rxc2 35. Re1 Rdd2 36. c5 Nxh2 (36... Ne5 $142 {( -> ...Nf3)} 37. Rf5 Rxh2+ 38. Kg1 Rcg2+ 39. Kf1 Rxb2) 37. Nd4 Rxd4 38. Rxh2 Rxc5 39. Rxh7 Rxa5 {[%mdl 4096] Endgame KRR-KRR} 40. Rh8 Rd2 41. b3 $2 (41. Rh2 Rd3 42. Rg2) 41... Rb2 {Black is clearly winning.} 42. Rb8 Rxb3 43. Rb7+ Kg6 44. Kh2 Rh5+ 45. Kg2 Rg5 46. Rxa7 Rgxg3+ 47. Kh2 Rh3+ 48. Kg2 Rhc3 49. Re2 Ra3 50. Rb7 b3 {Precision: White = 35%, Black = 73%.} 0-1

[Event "RUS-ch Rapid Men 2018"]
[Site "Sochi"]
[Date "2018.10.06"]
[Round "7"]
[White "Rakhmanov, Aleksandr"]
[Black "Drygalov, Sergey"]
[Result "1-0"]
[WhiteElo "2634"]
[BlackElo "2446"]
[Annotator "TA"]
[PlyCount "89"]
[EventDate "2018.10.05"]
[EventType "swiss"]
[EventCountry "RUS"]
[SourceTitle "playchess.com"]
[Source "ChessBase"]
[SourceQuality "1"]

{[%evp 12,89,14,0,33,35,25,24,32,24,62,55,58,46,66,72,69,67,76,79,109,104,99,75,81,84,113,96,119,84,114,97,105,101,127,140,111,77,107,76,88,82,82,81,78,85,93,94,214,216,210,217,226,223,220,214,206,218,270,269,302,275,281,273,280,272,413,381,407,287,323,0,388,387,29990,29991,29995,29996,29996,29997]} 1. c4 e5 2. Nf3 Nc6 3. d4 exd4 4. Nxd4 Nf6 5. Nxc6 bxc6 6. g3 {A20: English Opening: 1...e5} Bb4+ 7. Bd2 {LiveBook: 7 Games} Bxd2+ (7... Rb8 {looks sharper.} 8. Bg2 O-O 9. O-O d5 10. Qc2 Qe7) 8. Qxd2 {White is slightly better.} O-O 9. Bg2 Rb8 10. Nc3 c5 11. O-O d6 12. e4 $146 ({Predecessor:} 12. b3 Bb7 {½-½ (63) Rakhmanov,A (2669)-Popov,I (2599) Sochi 2017}) 12... Nd7 13. f4 Bb7 14. Rad1 Nb6 15. b3 Qe7 16. Rfe1 {[%cal Bf1e1,Be1e3,Be3d3][%mdl 32]} Rbd8 17. Re3 Rfe8 18. Rde1 c6 19. Qf2 a5 20. a4 Qc7 21. Rd3 Qe7 22. Ree3 Nd7 {[%cal Bb6d7,Bd7f8,Bf8e6,Be6d4,Bd4e2][%mdl 32]} 23. Qd2 Nf8 24. Re1 Ne6 25. Rd1 Nd4 26. Ne2 Nxe2+ 27. Qxe2 d5 28. Qd2 {[%cal Rc4d5]} d4 29. Qxa5 f6 {[#]} (29... Ra8 $16 30. Qd2 Bc8) 30. b4 $1 $18 {[%mdl 512]} cxb4 {Hoping for ...c5.} 31. c5 b3 32. Rxb3 Bc8 33. Rbd3 Bg4 34. R1d2 Qb7 35. h3 ({But not} 35. Qb6 $6 Qa8 $18) 35... Be2 36. Rxd4 Rxd4 37. Rxd4 Qb1+ 38. Kh2 h5 (38... Bf1 {was necessary.} 39. Bxf1 Qxf1) 39. Qd2 Bf1 40. Qb4 Qc2 {[%csl Gf1][%cal Rc2g2]} 41. Qd2 Qb1 $1 42. Rb4 Qa1 $2 (42... Qd3 $18 43. Qxd3 Bxd3) 43. Qd7 {White mates.} Rf8 44. Rb7 {[%csl Gb7][%cal Rd7g7]} f5 45. e5 {Precision: White = 84%, Black = 38%.} 1-0

[Event "RUS-ch Rapid Men 2018"]
[Site "Sochi"]
[Date "2018.10.06"]
[Round "7"]
[White "Lysyj, Igor"]
[Black "Gochelashvili, David"]
[Result "1-0"]
[WhiteElo "2631"]
[BlackElo "2419"]
[Annotator "TA"]
[PlyCount "41"]
[EventDate "2018.10.05"]
[EventType "swiss"]
[EventCountry "RUS"]
[SourceTitle "playchess.com"]
[Source "ChessBase"]
[SourceQuality "1"]

{[%evp 13,41,72,74,70,93,67,92,85,140,152,174,190,205,180,173,143,217,208,220,218,437,270,906,895,903,889,1153,1140,29994,29995]} 1. d4 g6 2. c4 Bg7 3. Nf3 c5 4. d5 d6 5. e4 e6 6. Nc3 Ne7 7. h4 {A43: Schmid Benoni} exd5 {LiveBook: 3 Games} (7... h6 8. Be3 a6 9. a4 exd5 10. cxd5 Bg4 11. Be2 f5 12. Ng1 Qb6 13. Qc2 O-O 14. Bxg4 fxg4 {½-½ (40) Deac,B (2572)-Svidler,P (2748) Caleta 2017}) 8. cxd5 Bg4 9. Qa4+ {White is better.} Bd7 $146 ({Predecessor:} 9... Nd7 10. Nh2 h5 11. f3 Nf5 12. Bg5 f6 13. Bf4 g5 14. fxg4 Nxh4 15. Bg3 hxg4 {1-0 (29) Pap,G (2478)-Borgiani,F (2186) Fermo 2010}) 10. Qb3 b6 ({Black should play} 10... O-O) 11. Bf4 $16 Nc8 12. h5 O-O 13. hxg6 hxg6 14. Bd3 a5 (14... Bg4 $16) 15. Bg5 a4 16. Qc2 ({Not} 16. Bxd8 axb3 17. Bg5 b5 $17) 16... Qc7 $2 (16... f6 {is a better defense.}) 17. Qd2 {[#] Bh6 is the strong threat.} c4 $2 (17... f6 18. Bh6 Be8) 18. Bh6 $18 {And now Bxg7 would win.} Bf6 19. Qf4 Qd8 20. Bg5 Bf5 21. Qh4 {Precision: White = 61%, Black = 23%.} 1-0

[Event "RUS-ch Rapid Men 2018"]
[Site "Sochi"]
[Date "2018.10.06"]
[Round "7"]
[White "Paravyan, David"]
[Black "Bocharov, Ivan"]
[Result "0-1"]
[WhiteElo "2629"]
[BlackElo "2563"]
[Annotator "TA"]
[PlyCount "181"]
[EventDate "2018.10.05"]
[EventType "swiss"]
[EventCountry "RUS"]
[SourceTitle "playchess.com"]
[Source "ChessBase"]
[SourceQuality "1"]

{[%evp 11,181,29,31,19,36,39,36,19,76,75,72,83,72,59,73,70,60,21,18,1,12,0,1,0,62,21,46,41,33,-33,0,-20,5,-54,-53,-74,77,-396,-400,-380,-41,-19,-13,-41,0,-50,-58,-68,-54,-90,-31,-30,-16,-54,-37,-45,-16,-23,-8,-37,-37,-30,-29,-43,-30,-37,-33,-128,-42,-39,-37,-126,-135,-288,-288,-339,-331,-387,-293,-392,-392,-392,-392,-392,-392,-392,-82,-82,-140,-316,-316,-328,-8,-8,-8,-22,-8,-22,-22,-22,-8,-8,-8,-141,-141,-191,-186,-221,-199,-234,-218,-240,-240,-240,-240,-240,-245,-252,-252,-252,-252,-252,-30,-30,-30,-30,-30,-30,-30,-30,-30,-30,-30,-30,-30,-30,-30,-30,-32,-32,-32,-32,-32,-32,-32,-32,-32,-34,-34,-38,-38,-38,-38,-38,-38,-38,-38,-38,-38,-38,-38,-38,-38,-29989,-29990,-29990,-29991,-29991,-29992,-29997,-29998,-29999]} 1. d4 d5 2. c4 c6 3. Nf3 Nf6 4. e3 Bf5 5. Nc3 a6 6. c5 {D15: Damengambit (Slawische Verteidigung)} (6. Bd3 Bxd3 7. Qxd3 e6 8. O-O Bb4 9. Bd2 O-O 10. Nxd5 Nxd5 11. cxd5 Bxd2 12. Qxd2 exd5 13. Ne5 Re8 {½-½ (46) Vallejo Pons,F (2707)-So,W (2780) Leon 2018}) 6... Nbd7 {LiveBook: 9 Partien} 7. b4 {[%cal Bb2b4,Bb4b5][%mdl 32]} a5 8. b5 {Weiß steht etwas besser.} e5 9. Bb2 $146 ({Vorgänger:} 9. Be2 g6 10. O-O Bg7 11. Bb2 O-O 12. Na4 Ne4 13. Nxe5 Nxe5 14. dxe5 {0-1 (41) Komov,R (2201)-Belmeskin,I (2235) Krasnoyarsk 2015}) 9... exd4 (9... a4 $11) 10. Nxd4 $16 Bg4 11. f3 $1 {[%cal Rf3g4]} Be6 12. bxc6 bxc6 13. Nxc6 Qc7 14. Nd4 {Schwarz muss nun Scb5 beachten.} (14. Bb5 {with more complications.} Bxc5 15. Qe2 O-O 16. Na4 Bb4+ 17. Kf2) 14... Bxc5 15. Ncb5 Qb6 16. Be2 O-O 17. O-O Rfe8 (17... Rfc8 $11) 18. Kh1 Rac8 19. Rb1 Ne5 20. Nb3 (20. Bc3 $14) 20... Bf5 $15 21. Nxc5 Rxc5 22. e4 (22. Bxe5 $11 Bxb1 23. Bd4 (23. Bxf6 $2 Bc2 $19)) 22... dxe4 23. f4 Nf3 $2 (23... Nd3 $17 24. Bd4 Qc6) 24. Rc1 $2 {[%mdl 8192]} (24. Nd6 $1 $16 {hält den Druck.} Rd5 25. Be5 (25. Nxe8 Rxd1 26. Nxf6+ gxf6 $11)) 24... Rd5 $19 (24... Rxb5 25. Bxb5 Nh5 26. gxf3 $11 (26. Qd5 $2 Ng3+ 27. hxg3 Qh6#)) 25. Qa4 Rd2 $2 (25... Ng4 $19 26. gxf3 (26. Nc7 $2 {führt zum Matt.} Qg1+ 27. Rxg1 Nf2#) 26... exf3 27. Bxf3 Qh6 $3 {[%mdl 512]}) 26. Bxf6 $1 $15 Qxf6 27. Nd6 $1 {[%cal Ra4e8]} Rd8 28. Nxe4 (28. Nxf5 $5 {[%cal Ra4e4]} Rxe2 29. Qxa5 $14) 28... Bxe4 29. Qxe4 Nd4 30. Rce1 Nxe2 (30... Rxa2 $2 31. Bc4 $18) ({Lieber} 30... g6 $17 31. Bc4 Kg7) 31. Rxe2 {Weiss will mit De8+! Matt setzen.} g6 $40 {[%mdl 128] Schwarz startet einen Angriff.} (31... h6 {is more complex.} 32. h3 R2d5 33. Rff2 g6 34. Qe3 Kg7) 32. h3 Rxe2 33. Qxe2 {[%mdl 4096] Endspiel KDT-KDT} Rd5 34. Qe4 Rf5 (34... Qd6 {seems wilder.} 35. Rc1 Kg7 36. Rc4 Rd2 37. a4 Rd3) 35. Kh2 h5 36. Rf3 h4 37. a3 Kg7 38. Qc4 Qd6 39. Kh1 (39. Qe4 $15) 39... Rd5 (39... Rc5 $17 40. Qe2 Rc1+ 41. Kh2 Qb6) 40. Rf1 Qc5 (40... Qe6 {feels hotter.} 41. Kh2 Qf5 42. Qc3+ Qf6 43. Qe1 Rf5) 41. Qxc5 (41. Qe4 $15) 41... Rxc5 {KT-KT} 42. Rb1 $2 (42. Rf3 $17 {ist wohl besser.}) 42... Rc3 $19 43. f5 g5 ({Jedoch nicht} 43... Rxa3 44. fxg6 Kxg6 45. Kh2 $19) (43... gxf5 $2 44. Rb5 $19) 44. a4 Rc4 45. Rb6 Rxa4 46. Ra6 Ra1+ 47. Kh2 a4 48. g4 hxg3+ $2 (48... f6 $19 {ist viel giftiger. Und weiter mit ...a3 wäre nett.} 49. Ra7+ Kf8) 49. Kxg3 $17 a3 {...a2 ist eine echte Drohung.} 50. Kg2 $2 (50. Kf3 $17) 50... a2 $19 51. Kh2 f6 $2 (51... Kf8 $1 $19 52. f6 Ke8) 52. Kg2 $11 Kf7 53. Kh2 Ke7 54. Kg2 Kd7 55. Kh2 Kc7 {Droht ...Kb7 und aus.} 56. Kg2 Kb7 57. Ra4 (57. Ra3 $11 {war der einzige Weg, das Gleichgewicht zu behalten.} Kc6 58. Kh2) 57... Kc6 {zielt auf ...Kd5 ab.} 58. Ra5 Kb6 59. Ra8 Kc5 60. Kh2 Kd4 $1 {[%cal Rd4c4]} 61. Kg2 Ke4 62. Ra5 Kf4 63. Kh2 Kf3 64. Ra3+ Kf2 {Droht stark ...Ke1.} 65. Ra6 Kf1 66. Kg3 Kg1 $2 (66... Ke2 $19 67. Kg2 Kd1) 67. h4 $1 gxh4+ 68. Kxh4 Kf2 69. Kh5 Ke3 70. Kg6 Rg1+ 71. Kxf6 a1=R 72. Rxa1 Rxa1 {KT-KB} 73. Ke7 Ke4 74. f6 {[%cal Bf5f6,Bf6f7,Bf7f8,Bf8g6][%mdl 32]} Ke5 75. f7 Ra7+ 76. Ke8 $1 Ke6 {[%cal Ra7a8]} 77. f8=N+ $15 {KT-KS} Kd6 78. Ng6 Rh7 (78... Kd5 {is interesting.} 79. Kd8 Rg7 80. Nf8 Kc6 81. Ke8 Kb6) 79. Kf8 Ke6 {( -> ...Kf6)} 80. Kg8 Ra7 {Und ...Ta4 würde nun gewinnen.} 81. Nf8+ $1 Kf5 82. Nh7 $1 Re7 83. Nf8 Kg5 84. Nh7+ $1 Kh6 85. Nf8 $1 Rg7+ 86. Kh8 Rg1 87. Nh7 $2 {[%mdl 8192]} (87. Nd7 $15) 87... Kg6 $1 {Schwarz setzt Matt.} 88. Kg8 {[#]} Rg2 $1 89. Nf8+ {[#]} Kf6+ $1 90. Kh8 Kf7 91. Nd7 {Precision: Weiß = 34%, Schwarz = 46%.} 0-1

[Event "RUS-ch Rapid Men 2018"]
[Site "Sochi"]
[Date "2018.10.06"]
[Round "7"]
[White "Ponkratov, Pavel"]
[Black "Potapov, Pavel"]
[Result "1-0"]
[WhiteElo "2628"]
[BlackElo "2515"]
[Annotator "TA"]
[PlyCount "103"]
[EventDate "2018.10.05"]
[EventType "swiss"]
[EventCountry "RUS"]
[SourceTitle "playchess.com"]
[Source "ChessBase"]
[SourceQuality "1"]

{[%evp 15,103,30,31,39,34,3,23,28,25,20,13,10,39,37,35,28,36,-14,-14,-24,16,0,20,9,33,23,52,47,43,0,0,-10,-10,-14,-8,-8,-6,-26,0,0,0,-11,0,0,0,0,16,3,4,16,41,50,81,89,113,135,129,117,192,125,195,161,154,160,216,124,89,95,89,95,191,99,346,346,346,346,543,542,525,520,570,490,483,503,496,493,447,445,5121,5114]} 1. e4 c5 2. Nf3 Nc6 3. d4 cxd4 4. Nxd4 e5 5. Nb5 d6 6. c4 g6 {B32: Sicilian: Löwenthal and Kalashnikov Variations} (6... Be7 7. N5c3 Nf6 8. Bd3 O-O 9. O-O Nd7 10. Nd5 Bg5 11. Nbc3 Bxc1 12. Rxc1 Nb6 13. Ne3 Be6 14. Qd2 Qg5 {½-½ (41) Gharamian,T (2614)-Cornette,M (2593) Nimes 2018}) 7. N1c3 a6 8. Na3 Bg7 {LiveBook: 8 Games. White has an edge.} 9. Be3 Be6 $146 ({Predecessor:} 9... Nge7 10. Be2 Nd4 11. O-O O-O 12. Nc2 Nec6 13. Nd5 Be6 14. Nxd4 exd4 {1-0 (64) Rodin,D (2412)-Gluhovsky,M (2312) Sochi 2018}) 10. Be2 Nge7 11. O-O Nd4 12. Qd2 Nec6 13. Nd5 O-O 14. Bd3 Rc8 15. Rac1 f5 16. f4 fxe4 17. Bxe4 Bg4 18. Rf2 Qh4 19. Nc2 Nxc2 20. Rxc2 exf4 21. Nxf4 Rce8 22. g3 ({White should try} 22. Rc1 $14) 22... Qe7 $11 23. Bd5+ Kh8 24. Bxc6 bxc6 25. Bd4 g5 26. Ng2 Bf3 27. Bxg7+ Qxg7 28. Qc3 g4 29. Qxg7+ Kxg7 30. Rfd2 d5 31. cxd5 cxd5 32. Nf4 Rf7 33. Kf2 Be4 34. Rc6 d4 35. Rxa6 d3 36. Rd6 h5 (36... Bf5 $16) 37. Kg1 ({Better is} 37. b4 $18) 37... Re5 (37... h4 $16 {keeps fighting.} 38. Ne6+ Kg8) 38. Re6 (38. Nxd3 Bxd3 39. R6xd3 Re1+ 40. Kg2 Rff1 $14) 38... Rxe6 39. Nxe6+ $18 {[%mdl 4096] Endgame KRB-KRN} Kh6 (39... Kf6 $16 40. Nc5 Kf5) 40. Nf4 (40. Nc5 $18 Bd5 41. b3 (41. Rxd3 Bxa2 42. Rd6+ Kg7 $16)) 40... h4 $16 41. Kf2 Kg5 42. Ke3 Bh7 (42... Bf5 $16 {might work better.}) 43. b4 ({Don't play} 43. Nxd3 $6 Rf3+ 44. Kd4 Bxd3 $14) (43. Ne6+ $1 $18 Kf6 44. Nc5) 43... Rb7 $2 {[#]} (43... hxg3 $16 {was necessary.} 44. hxg3 Re7+ 45. Kd4 Rb7) 44. Rb2 $1 $18 ({Weaker is} 44. Nxd3 Bxd3 45. Kxd3 (45. Rxd3 Rxb4 46. Rd4 Rb2 $16) 45... Rxb4 $16) 44... Re7+ 45. Kd2 Rf7 (45... hxg3 {was worth a try.} 46. hxg3 Bf5) 46. b5 {[%cal Bb4b5,Bb5b6][%mdl 32] White is clearly winning.} Be4 47. b6 Rh7 {White must now prevent ...hxg3.} 48. Ke3 Re7 49. Rb5+ Kf6 50. gxh4 Bc6+ {[#]} 51. Kd2 $1 Bxb5 (51... Re4 $142) 52. Nd5+ {Precision: White = 50%, Black = 30%.} 1-0

[Event "RUS-ch Rapid Men 2018"]
[Site "Sochi"]
[Date "2018.10.06"]
[Round "7"]
[White "Grachev, Boris"]
[Black "Kezin, Roman"]
[Result "1/2-1/2"]
[WhiteElo "2626"]
[BlackElo "2471"]
[Annotator "RC"]
[PlyCount "184"]
[EventDate "2018.10.05"]
[EventType "swiss"]
[EventCountry "RUS"]
[SourceTitle "playchess.com"]
[Source "ChessBase"]
[SourceQuality "1"]
[TimeControl "900+10"]

1. d4 {[%emt 0:00:00]} d5 {[%emt 0:00:00]} 2. Bf4 {[%emt 0:00:00]} c5 {[%emt 0:00:00]} 3. e3 {[%emt 0:00:00]} Nc6 {[%emt 0:00:00]} 4. c3 {[%emt 0:00:00]} Qb6 {[%emt 0:00:00]} 5. Qc2 {[%emt 0:00:19]} Nf6 {[%emt 0:00:31]} 6. Nd2 {[%emt 0:00:39]} Bg4 {[%emt 0:00:39]} 7. h3 {[%emt 0:00:27]} Bh5 {[%emt 0:00:02]} 8. Ngf3 {[%emt 0:00:02]} e6 {[%emt 0:00:58]} 9. Ne5 {[%emt 0:01:33]} Be7 {[%emt 0:02:02]} 10. g4 {[%emt 0:00:29]} Bg6 {[%emt 0:00:02]} 11. Nxg6 {[%emt 0:00:02]} hxg6 {[%emt 0:00:01]} 12. Bg2 {[%emt 0:00:02]} Qa6 {[%emt 0:02:46]} 13. a4 {[%emt 0:01:15]} O-O {[%emt 0:02:05]} 14. Qb3 {[%emt 0:01:23]} b6 {[%emt 0:01:12]} 15. Qb5 {[%emt 0:01:01]} Qc8 {[%emt 0:01:09]} 16. O-O {[%emt 0:02:06]} Nd7 {[%emt 0:03:58]} 17. Qe2 {[%emt 0:00:42]} Rd8 {[%emt 0:00:37]} 18. Rfd1 {[%emt 0:01:39]} Qb7 {[%emt 0:00:53]} 19. e4 {[%emt 0:01:16]} Nf6 {[%emt 0:00:01]} 20. e5 {[%emt 0:01:01]} Nd7 {[%emt 0:00:01]} 21. Nf3 {[%emt 0:00:01]} cxd4 {[%emt 0:00:14]} 22. cxd4 {[%emt 0:00:05]} Nb4 {[%emt 0:00:05]} 23. Rdc1 {[%emt 0:01:10]} Rac8 {[%emt 0:00:02]} 24. Bf1 {[%emt 0:00:12]} Rxc1 {[%emt 0:00:02]} 25. Rxc1 {[%emt 0:00:01]} Rc8 {[%emt 0:00:01]} 26. Rc3 {[%emt 0:01:00]} Na2 {[%emt 0:00:22]} 27. Rxc8+ {[%emt 0:00:37]} Qxc8 {[%emt 0:00:02]} 28. Bd2 {[%emt 0:00:13]} Nb4 {[%emt 0:00:34]} 29. Bxb4 {[%emt 0:00:40]} Bxb4 {[%emt 0:00:02]} 30. Qb5 {[%emt 0:00:01]} Be7 {[%emt 0:00:10]} 31. Kg2 {[%emt 0:00:11]} Nb8 {[%emt 0:00:13]} 32. a5 {[%emt 0:00:19]} bxa5 {[%emt 0:00:43]} 33. Qxa5 {[%emt 0:00:02]} Nc6 {[%emt 0:00:02]} 34. Qa4 {[%emt 0:00:07]} Qb7 {[%emt 0:00:29]} 35. Ba6 {[%emt 0:00:53]} Qb6 {[%emt 0:00:24]} 36. Bb5 {[%emt 0:00:05]} Nb4 {[%emt 0:00:06]} 37. Be2 {[%emt 0:00:28]} Nc6 {[%emt 0:00:03]} 38. h4 {[%emt 0:00:27]} Kf8 {[%emt 0:00:01]} 39. h5 {[%emt 0:00:28]} gxh5 {[%emt 0:00:06]} 40. gxh5 {[%emt 0:00:01]} Kg8 {[%emt 0:00:04]} 41. Bb5 {[%emt 0:00:04]} Nb4 {[%emt 0:00:04]} 42. Be2 {[%emt 0:00:05]} Nc6 {[%emt 0:00:01]} 43. Bd3 {[%emt 0:00:09]} Qb7 {[%emt 0:00:32]} 44. Ba6 {[%emt 0:00:47]} Qb6 {[%emt 0:00:03]} 45. Bb5 {[%emt 0:00:01]} Nb4 {[%emt 0:00:03]} 46. Be2 {[%emt 0:00:01]} Nc6 {[%emt 0:00:03]} 47. Bf1 {[%emt 0:00:06]} Qb7 {[%emt 0:00:15]} 48. Bd3 {[%emt 0:00:06]} Qb6 {[%emt 0:00:03]} 49. Bb1 {[%emt 0:00:32]} Qxb2 {[%emt 0:00:14]} 50. Qxc6 {[%emt 0:00:02]} Qxb1 {[%emt 0:00:02]} 51. Qa8+ {[%emt 0:00:03]} Bf8 {[%emt 0:00:11]} 52. Qxa7 {[%emt 0:00:23]} Qf5 {[%emt 0:00:09]} 53. Kg3 {[%emt 0:00:14]} Qxh5 {[%emt 0:00:03]} 54. Qb8 {[%emt 0:00:10]} Qg6+ {[%emt 0:00:10]} 55. Kh2 {[%emt 0:00:11]} Qf5 {[%emt 0:00:27]} 56. Kg3 {[%emt 0:00:02]} g5 {[%emt 0:00:18]} 57. Nh2 {[%emt 0:00:23]} Qf4+ {[%emt 0:00:06]} 58. Kg2 {[%emt 0:00:00]} Qxd4 {[%emt 0:00:07]} 59. f3 {[%emt 0:00:07]} Qd2+ {[%emt 0:00:22]} 60. Kg3 {[%emt 0:00:11]} Qf4+ {[%emt 0:00:13]} 61. Kg2 {[%emt 0:00:01]} Qb4 {[%emt 0:00:27]} 62. Qd8 {[%emt 0:00:14]} Qb2+ {[%emt 0:00:20]} 63. Kh3 {[%emt 0:00:03]} Qxe5 {[%emt 0:00:02]} 64. Ng4 {[%emt 0:00:01]} Qf5 {[%emt 0:00:04]} 65. Kg2 {[%emt 0:00:36]} Kg7 {[%emt 0:00:02]} 66. Qc7 {[%emt 0:00:15]} Qf4 {[%emt 0:00:10]} 67. Qc3+ {[%emt 0:00:13]} d4 {[%emt 0:00:01]} 68. Qe1 {[%emt 0:00:11]} Bd6 {[%emt 0:00:45]} 69. Qe2 {[%emt 0:00:08]} Qg3+ {[%emt 0:00:15]} 70. Kf1 {[%emt 0:00:02]} Qh3+ {[%emt 0:00:06]} 71. Kg1 {[%emt 0:00:03]} d3 {[%emt 0:00:16]} 72. Qe3 {[%emt 0:00:09]} Qg3+ {[%emt 0:00:09]} 73. Kf1 {[%emt 0:00:02]} Qh3+ {[%emt 0:00:08]} 74. Kg1 {[%emt 0:00:02]} Qg3+ {[%emt 0:00:13]} 75. Kf1 {[%emt 0:00:01]} Qf4 {[%emt 0:00:07]} 76. Qxd3 {[%emt 0:00:04]} Bc5 {[%emt 0:00:05]} 77. Kg2 {[%emt 0:00:25]} Qd4 {[%emt 0:00:03]} 78. Qa6 {[%emt 0:00:39]} Qg1+ {[%emt 0:00:21]} 79. Kh3 {[%emt 0:00:00]} Qh1+ {[%emt 0:00:09]} 80. Kg3 {[%emt 0:00:10]} Bd4 {[%emt 0:00:13]} 81. Qd3 {[%emt 0:00:13]} Qg1+ {[%emt 0:00:07]} 82. Kh3 {[%emt 0:00:01]} Bc5 {[%emt 0:00:13]} 83. Qd8 {[%emt 0:00:16]} Qh1+ {[%emt 0:00:08]} 84. Kg3 {[%emt 0:00:01]} Qe1+ {[%emt 0:00:04]} 85. Kh3 {[%emt 0:00:12]} Qf1+ {[%emt 0:00:18]} 86. Kg3 {[%emt 0:00:06]} Qg1+ {[%emt 0:00:11]} 87. Kh3 {[%emt 0:00:02]} Qh1+ {[%emt 0:00:05]} 88. Kg3 {[%emt 0:00:01]} Qe1+ {[%emt 0:00:18]} 89. Kh3 {[%emt 0:00:12]} Qh1+ {[%emt 0:00:08]} 90. Kg3 {[%emt 0:00:02]} Qg1+ {[%emt 0:00:06]} 91. Kh3 {[%emt 0:00:01]} Qf1+ {[%emt 0:00:15]} 92. Kg3 {[%emt 0:00:03]} Qe1+ {[%emt 0:00:01]} 1/2-1/2